000
00279nam a2200097Ia 4500
001
646855
005
20250826153650.0
008
250824s9999 xx 000 0 und d
245
0
_a
BENİM KÜÇÜK DOSTLARIM TİMAŞ EDEBİYAT
_c
HALİDE NUSRET ZORLUTUNA
260
_b
TİMAŞ KÜLTÜR
999
_c
646855
_d
646855